000 00354nam a2200157Ia 4500
003 OSt
005 20240101045737.0
008 170524s9999 xx 000 0 und d
020 _a9788177582932
040 _ciimtu
100 _aJriffiths David J
245 0 _aIntroducation to Electrodynamics
260 _bPerson
260 _c2007
942 _2ddc
_c02
999 _c4634
_d4634